<The> Audit of European Commission Strategic Decisions and the Proposal of the Change Hypothesis
Analýza konceptuálneho rámca "Strategickej Európy 2020". Návrh skompletizovania štvrtej priority, ktorá spája európsku stratégiu rozvoja s globálnou realitou. Pre analýtu Status quo Európskej únie využitý model silového poľa. Možným stopovým prvkom v snahe Európy k vytúženému stavu dynamickej stabil...
Salvato in:
| Autore principale: | |
|---|---|
| Natura: | Capitolo di libro |
| Lingua: | inglese |
| Soggetti: | |
| Tags: |
Nessun Tag, puoi essere il primo ad aggiungerne!!
|
MARC
| LEADER | 00000nla a2200000 4500 | ||
|---|---|---|---|
| 001 | 0241929 | ||
| 005 | 20240417075135.5 | ||
| 041 | 0 | |a eng | |
| 044 | |a CZ | ||
| 245 | 1 | 0 | |a <The> Audit of European Commission Strategic Decisions and the Proposal of the Change Hypothesis |c Josef F. Palán |
| 520 | |a Analýza konceptuálneho rámca "Strategickej Európy 2020". Návrh skompletizovania štvrtej priority, ktorá spája európsku stratégiu rozvoja s globálnou realitou. Pre analýtu Status quo Európskej únie využitý model silového poľa. Možným stopovým prvkom v snahe Európy k vytúženému stavu dynamickej stability sa môže stať fenomén imigrácie. | ||
| 610 | 2 | 0 | |a Európska komisia |
| 610 | 2 | 0 | |a Európska únia |
| 610 | 2 | 0 | |a projekty medzinárodné |
| 610 | 2 | 0 | |a plán strategický |
| 610 | 2 | 0 | |a rozhodovanie strategické |
| 610 | 2 | 0 | |a rozvoj trvalo udržateľný |
| 610 | 2 | 0 | |a audit |
| 610 | 2 | 0 | |a imigrácia |
| 610 | 2 | 0 | |a modely matematické |
| 100 | 1 | |a Palán, Josef F. | |